Z milióna vyčleneného na odškodnenie občanov bolo použitých len 90 tisíc korún

Bibliographic Details
Corporate Author: Tlačová agentúra Slovenskej republiky (Author)
Format: Article
Language:Slovak
Subjects:

MARC

LEADER 00000nab a2200000 a 4500
001 vtls001025137
003 SK-MaSNL
005 20260303234107.0
008 040720e19980213xo 0 slo
035 |a SL3694 
040 |a SLLK  |b slo  |c SLLK  |e AACR2 
041 0 |a slo 
044 |a xo  |c SK 
080 |a 551.577.6  |2 1981 
080 |a 364.422  |2 1981 
110 2 |a Tlačová agentúra Slovenskej republiky  |4 aut  |9 177619 
245 0 0 |a Z milióna vyčleneného na odškodnenie občanov bolo použitých len 90 tisíc korún 
518 |a 1997 
650 0 7 |a povodne  |2 SLLK  |9 15273 
650 0 7 |a odškodnenie občanov jednorázové  |2 SLLK  |9 1271334 
650 0 7 |a prostriedky  |2 SLLK  |9 1271335 
650 0 7 |a čerpanie  |2 SLLK  |9 879034 
650 0 7 |a informácie  |2 SLLK  |9 1285 
655 7 |a periodikum  |2 snkbucl  |9 29553 
773 0 8 |t Sme na východe  |g Roč. 3, č.23, 13.2.1998, s. 3 
852 |a ZVYKNI  |b KIS3GCP 
999 |c 2519103  |d 2521033